| 000 | 00865nam a2200265Ia 4500 | ||
|---|---|---|---|
| 003 | OSt | ||
| 005 | 20220923211421.0 | ||
| 006 | a|||||r|||| 00| 0 | ||
| 007 | ta | ||
| 008 | 220922b |||||||| |||| 00| 0 hin d | ||
| 020 |
_a9788192764436 (hbk) _c700 |
||
| 024 | _a283,165 | ||
| 037 |
_b76, 26/12/2014, Mallika Books _cTextual |
||
| 040 |
_aARTS _cARTS _bhin |
||
| 041 |
_2hin _ahin |
||
| 082 | _aR694, 152Q3 | ||
| 100 |
_aशास्त्री, के0 एन0 _9160419 |
||
| 245 | 0 | _aबौद्ध दर्शन | |
| 246 | _aBauddha darshana | ||
| 260 |
_aदिल्ली _b आदि बुक्स _c2013 |
||
| 300 |
_a232पृ. _ccm. |
||
| 650 | _aभारतीय दर्शन | ||
| 942 |
_hR694, 152Q3 _cTEXL _2CC |
||
| 999 |
_c299252 _d299252 |
||